000 00737nam a2200229Ia 4500
003 GCL
008 140319s9999 xx 000 0 ara d
040 _aGCL /
_cGCL
082 0 4 _a418.1
_bخ م
100 1 _aالخوارزمى , ابومحمد عبدالله م
245 1 0 _aمفاتيح العلوم /
_cالخوارزمى , ابومحمد عبدالله م
700 1 _aجودت فخرالدين
260 _aبيروت :
_bدار المناهل للطباعة والنشر ،
_c1991
300 _a286 ص ؛
_c24 سم
490 _a
650 0 4 _aاللغة العربية
650 0 4 _aالعرب
650 0 4 _aالعلوم
650 0 4 _aالعلوم عند العرب
650 0 4 _aمصطلحات
942 _2ddc
_cBK
999 _c31173
_d31173